000 00364nam a2200145Ia 4500
008 231217s9999 xx 000 0 und d
041 _aEnglish
082 _a001.6424JAV HOR
100 _aHorton, Ivor
245 0 _aBeginning Java 2 : JDK
250 _a5th ed.
260 _c2005
_bWiley Dream Tech
_aNew Delhi
650 _aBegining,java,:,JDK
942 _cAA
999 _c176048
_d176048